Esther Larabee indenture, (Record no. 44872)

MARC details
000 -LEADER
fixed length control field 01199cpcaa2200313 a 4500
001 - CONTROL NUMBER
control field mm2011085612
003 - CONTROL NUMBER IDENTIFIER
control field DLC
005 - DATE AND TIME OF LATEST TRANSACTION
control field 20260227111732.0
008 - FIXED-LENGTH DATA ELEMENTS--GENERAL INFORMATION
fixed length control field 111228|||||||||||| eng
010 ## - LIBRARY OF CONGRESS CONTROL NUMBER
LC control number mm2011085612
040 ## - CATALOGING SOURCE
Original cataloging agency DLC
Transcribing agency DLC
Description conventions dacs
Modifying agency DLC
072 #7 - SUBJECT CATEGORY CODE
Subject category code C
Source lcmd
100 1# - MAIN ENTRY--PERSONAL NAME
Personal name Larabee, Esther.
245 00 - TITLE STATEMENT
Title Esther Larabee indenture,
Inclusive dates 1765.
300 ## - PHYSICAL DESCRIPTION
Extent 1
Type of unit item.
506 0# - RESTRICTIONS ON ACCESS NOTE
Terms governing access Open to research.
520 8# - SUMMARY, ETC.
Summary, etc. Apprenticeship indenture (1765 September 13) of Larabee, age 9, to Ruth Rannale, Preston, Conn.
545 0# - BIOGRAPHICAL OR HISTORICAL DATA
Biographical or historical data Apprentice.
546 ## - LANGUAGE NOTE
Language note Collection material in English.
580 ## - LINKING ENTRY COMPLEXITY NOTE
Linking entry complexity note Forms part of: Ben and Beatrice Goldstein Foundation collection.
580 ## - LINKING ENTRY COMPLEXITY NOTE
Linking entry complexity note Forms part of: Miscellaneous Manuscripts collection.
600 10 - SUBJECT ADDED ENTRY--PERSONAL NAME
Personal name Rannale, Ruth.
650 #0 - SUBJECT ADDED ENTRY--TOPICAL TERM
Topical term or geographic name entry element Apprentices
Geographic subdivision Connecticut.
651 #0 - SUBJECT ADDED ENTRY--GEOGRAPHIC NAME
Geographic name Preston (Conn.)
General subdivision History.
656 #7 - INDEX TERM--OCCUPATION
Occupation Apprentices.
Source of term itoamc
710 2# - ADDED ENTRY--CORPORATE NAME
Corporate name or jurisdiction name as entry element Ben and Beatrice Goldstein Foundation Collection (Library of Congress)

No items available.

Powered by Koha